|
|
|
|
| LEADER |
01692nam a2200337 a 4500 |
| 001 |
24336 |
| 003 |
BD-DhAAL |
| 008 |
120124s2001 bg b 001 0 eng |
| 999 |
|
|
|c 11811
|d 11811
|
| 010 |
|
|
|a 2001416487
|
| 020 |
|
|
|a 9840515845
|
| 040 |
|
|
|a DLC
|c DLC
|d DLC
|d BD-DhAAL
|
| 042 |
|
|
|a lcode
|
| 043 |
|
|
|a a-bg---
|
| 050 |
0 |
0 |
|a HQ792.B34
|b S53 2001
|
| 082 |
0 |
0 |
|a 305.23095492
|2 21
|
| 100 |
1 |
|
|a Siddiqui, Kamal.
|9 38485
|
| 245 |
1 |
0 |
|a Better days, better lives :
|b towards a strategy for implementing the convention on the rights of the child in Bangladesh /
|c Kamal Siddiqui.
|
| 260 |
|
|
|a Dhaka :
|b University Press,
|c 2001.
|
| 300 |
|
|
|a xii, 104 pages ;
|c 22 cm.
|
| 504 |
|
|
|a Includes bibliographical references (pages [91]-98) and index.
|
| 526 |
|
|
|a BIED
|
| 541 |
|
|
|a Complimentary copy from BIED, Donated By Akbar Ali Khan
|e 24336, 35759, 38659
|
| 650 |
|
0 |
|a Children
|z Bangladesh
|x Social conditions.
|9 38486
|
| 650 |
|
0 |
|a Children's rights
|z Bangladesh.
|9 38487
|
| 650 |
|
0 |
|a Social sciences.
|9 48894
|
| 852 |
1 |
|
|a James P Grant School of Public Health
|c General Stacks
|
| 942 |
|
|
|2 ddc
|c BK
|
| 952 |
|
|
|0 0
|1 0
|2 ddc
|4 0
|6 305_230000000000000_095492_SID
|7 0
|9 19261
|a JPGSPH
|b JPGSPH
|c GEN
|d 2012-01-19
|e MPH
|g 250.00
|l 0
|o 305.23095492 SID
|p 3060024336
|r 2012-01-24
|t 1
|w 2012-01-24
|y BK
|
| 952 |
|
|
|0 0
|1 0
|2 ddc
|4 0
|6 305_230954920000000_SID
|7 0
|9 67523
|a BRACUL
|b BRACUL
|c GEN
|d 2019-12-23
|e Complimentary copy from BIED
|l 0
|o 305.23095492 SID
|p 3010035759
|r 2019-12-23
|t 2
|w 2019-12-23
|y BK
|x Transferred from BIED to General Stacks
|
| 952 |
|
|
|0 0
|1 0
|2 ddc
|4 0
|6 305_230954920000000_SID
|7 1
|9 70788
|a BRACUL
|b BRACUL
|c CS1
|d 2022-06-05
|e Donated by Akbar Ali Khan
|l 0
|o 305.23095492 SID
|p 3010038659
|r 2022-06-05
|t 3
|w 2022-06-05
|y BK
|